|
|
|
|
| LEADER |
01475nam a2200397 a 4500 |
| 001 |
000585674 |
| 003 |
CZ BrMZK |
| 005 |
20200527120432.0 |
| 007 |
ta |
| 008 |
020201s2001 xr d p cze d |
| 015 |
|
|
|a cnb001089027
|
| 020 |
|
|
|a 80-7226-575-X
|
| 035 |
|
|
|a (OCoLC)51189887
|
| 040 |
|
|
|a BOA001
|b cze
|
| 072 |
|
7 |
|a 004.4/.6
|x Programování. Software
|2 Konspekt
|9 23
|
| 072 |
|
7 |
|a 37.016
|x Učební osnovy. Vyučovací předměty. Učebnice
|2 Konspekt
|9 22
|
| 080 |
|
|
|a 004.438C
|2 MRF
|
| 080 |
|
|
|a 004.43
|2 MRF
|
| 080 |
|
|
|a (075.3)
|2 MRF
|
| 100 |
1 |
|
|a Čepelák, Jiří
|7 xx0000971
|4 aut
|
| 245 |
1 |
0 |
|a Řešené příklady v jazyku C /
|c Jiří Čepelák
|
| 250 |
|
|
|a Vyd. 1.
|
| 260 |
|
|
|a Praha :
|b Computer Press,
|c 2001
|
| 300 |
|
|
|a 156 s. ;
|c 23 cm
|
| 490 |
1 |
|
|a Učebnice pro střední školy
|
| 490 |
1 |
|
|a Všechny cesty k informacím
|
| 504 |
|
|
|a Obsahuje bibliografii a rejstřík
|
| 650 |
0 |
7 |
|a C (programovací jazyk)
|7 ph116955
|2 czenas
|
| 650 |
0 |
7 |
|a programovací jazyky
|7 ph115890
|2 czenas
|
| 655 |
|
7 |
|a učebnice středních škol
|7 fd133771
|2 czenas
|
| 830 |
|
0 |
|a Učebnice pro střední školy (Computer Press)
|0 s
|
| 830 |
|
0 |
|a Všechny cesty k informacím
|
| 856 |
4 |
1 |
|u http://www.digitalniknihovna.cz/mzk/uuid/uuid:735da6c0-24c9-11e2-85be-005056827e51
|y Digitalizovaný dokument
|x NDK
|
| 910 |
|
|
|a BOA001
|b 2-1095.544
|
| 990 |
|
|
|a BK
|
| 996 |
6 |
|
|b 2610152428
|c 2-1095.544
|l MZK
|r Sklad / do 1 hodiny
|n 5
|p p.v.
|w 000585674
|u 000010
|a 1
|e BOA001
|j MZK50
|s P
|